| Virtuální polytechnická knihovna - Souborný katalog - Úplný záznam dokumentu - MARC |
Uživatel: --- |
-----nas 22-----zu 4500
001 SKVPK0031889
003 CZ-VPK
005 20260423115130.0
008 260423d19681991||||| | ||| || |||||||
040 $aABA013$bcze
222 0$aOberfläche = Surface
245 00$aOberfläche = Surface
260 $aŠvýcarsko :$b Zürich : Forster Verlag, 1968,$c1968-1991
650 07$astrojírenství$xsr$2psh
780 00$tGalvanotechnik und Oberflächenschutz$x0433-1427
785 00$tOberflächen, Werkstoffe$x1024-0624
910 $aABA013$r1968-1981, 1983-1984
| čtvrtek 14.05.2026 02:29:37 |
© 2001-2015 Národní technická knihovna |
[Virtuální polytechnická knihovna]
[Servisní centrum]
[Souborný katalog]